000 00723nas a2200241 4500
001 BR7600569
003 BR-BrBNA
005 20231205082906.0
007 ta
008 230509b bl.|||p| |||| 00| 00por d
040 _aBR-BrBNA
_bpor
_cBiblioteca Nacional de Agricultura
041 _a(Pt)
072 _aF25
100 1 _aGloria, N.A. da
100 1 _aSanta Ana, A.G.
245 1 _aMetodos de analises de residuos de usinas de acucar e destilarias
650 _aANALISE QUIMICA
650 _aRESIDUO INDUSTRIAL
650 _aDESTILARIA
773 0 _tRevista de Agricultura (Brazil)
_xISSN 0034-7655
_g(Oct 1975), v. 50(1-2) p. 29-44
_wBR7600569
909 _a202311
_bLúcia
_c55
_dLúcia Elande
942 _2AGRIS
_n0
_cANA
999 _c94906
_d94906